Score 0/8 Timer 14:00
0 Plays Today
Question Answer Wrong Answers
when does pandrew get far from making those numbers? ???
90.9%
???
0%
???
0%
???
0%
how many zeros make trillion ???
72.7%
???
18.2%
???
0%
???
0%
how much weeks turn him up for? ???
72.7%
???
0%
???
0%
???
0%
how many days make pandrews list ???
63.6%
???
9.1%
???
0%
???
0%
when does pandrew make largest and smallest numbers ???
63.6%
???
0%
???
0%
???
0%
how many commas are from 1 zillion ???
63.6%
???
0%
???
0%
???
0%
when does pandrew panz past his number overall ???
63.6%
???
0%
???
0%
???
0%
when does pandrew panz create the chart? ???
54.5%
???
9.1%
???
18.2%
???
0%
Remove Ads.
Support Sporcle.
Get the best of Sporcle when you Go Orange. This ad-free experience offers more features, more stats, and more fun while also helping to support Sporcle. Thank you for becoming a member.

You're not logged in!

Compare scores with friends on all Sporcle quizzes.
OR
Log In

Show Comments

Extras

Created Dec 17, 2018ReportNominate
Tags:Andrew

Top Quizzes Today


Score Distribution

Your Account Isn't Verified!

In order to create a playlist on Sporcle, you need to verify the email address you used during registration. Go to your Sporcle Settings to finish the process.

Report this User

Report this user for behavior that violates our Community Guidelines.

Details: